Hearthstone- Greater Than 10 - Statistics

General Stats
  • This quiz has been taken 43 times
    39 since last reset
  • The average score is 5 of 18
Answer Stats
Mana Set Class Answer % Correct
10 Classic Neutral Deathwing
87%
9 Classic Neutral Ysera
82%
9 Classic Neutral Malygos
71%
9 Classic Warlock Lord Jarazzus
61%
10 Un'Goro Neutral Ultrasaur
47%
10 Un'Goro Druid Tyrantus
34%
10 Old Gods Neutral Deathwing, Dragonlord
21%
9 Kobolds Neutral Sleepy Dragon
21%
10 Shadows Mage Kalecgos
18%
7 Un'Goro Warrior Tar Lord
16%
8 Dragons Warrior Deathwing, Mad Aspect
11%
10 Shadows Paladin Nozari
11%
9 Dragons Drud Ysera, Unleashed
11%
8 Dragons Warlock Zzeraku the Warped
8%
8 Shadows Neutral Batterhead
3%
7 Witchwood Neutral Wyrmguard
3%
6 Boomsday Neutral Damaged Stegotron
0%
8 Rastakhan Neutral Mosh'Ogg Enforcer
0%
No matching quizzes found
Score Distribution
Percent of People with Each Score
Percentile by Number Answered
Your Score History
You have not taken this quiz since the last reset